| 000 | 01005nas a2200373 4500 | ||
|---|---|---|---|
| 001 | BR2013003886 | ||
| 003 | BR-BrBNA | ||
| 005 | 20231205122338.0 | ||
| 007 | ta | ||
| 008 | 230509b bl.|||p| |||| 00| 00por d | ||
| 040 |
_aBR-BrBNA _bpor _cBiblioteca Nacional de Agricultura |
||
| 041 | _a(Pt) | ||
| 072 | _aH10 | ||
| 100 | 1 | _aFreitas, M.A. | |
| 100 | 1 | _aFaleiro, V. de O. | |
| 245 | 1 | _aPragas quarentenárias para a cultura do alho no Brasil | |
| 650 | _aALHO | ||
| 650 | _aALLIUM SATIVUM | ||
| 650 | _aPRODUÇÃO | ||
| 650 | _aLARVA | ||
| 650 | _aCOLEOPTERO | ||
| 650 | _aDIPTERA | ||
| 650 | _aLEPIDOPTERO | ||
| 650 | _aFUNGO | ||
| 650 | _aNEMATÓIDE | ||
| 650 | _aHOSPEDEIRO VEGETAL | ||
| 650 | _aDISTRIBUIÇÃO GEOGRÁFICA | ||
| 650 | _aBIOLOGIA VEGETAL | ||
| 650 | _aSINTOMA | ||
| 650 | _aERVA DANINHA | ||
| 773 | 0 |
_tNosso Alho (Brazil) _xISSN 2177-2959 _g(Sep 2009), (no. 4) p. 10-15 _wBR2013003886 |
|
| 909 |
_a202311 _bLúcia _c55 _dLúcia Elande |
||
| 942 |
_2AGRIS _n0 _cANA |
||
| 999 |
_c228174 _d228174 |
||